The Jeselsohn collection of Aramaic ostraca from Idumea : /

محفوظ في:

المؤلف الرئيسي: Yardeni, Ada

التنسيق: كتاب

اللغة: Undetermined

منشور في: Jerusalem : Yad Ben-Zvi Press, 2016.

الموضوعات:

الوسوم: إضافة وسم

لا توجد وسوم, كن أول من يضع وسما على هذه التسجيلة!

رقم الطلب: PJ5208 .E36 Y37

LEADER 00712nam a2200181Ia 4500
008 220401s9999||||xx |||||||||||||| ||und||
020 |a 9789652173942 
050 4 |a PJ5208 .E36 Y37 
100 1 |a Yardeni, Ada 
245 1 4 |a The Jeselsohn collection of Aramaic ostraca from Idumea :  |b  /  |c Ada Yardeni. 
264 1 |a Jerusalem :  |b Yad Ben-Zvi Press,  |c 2016. 
300 |a xxxvii, 757p. :  |b col. Illus. ;  |c 28cm. 
500 |a includes bibliographical references and index. 
650 1 4 |a Aramaic language Texts. 
650 1 4 |a Ostraka Edom (Kingdom). 
942 |2 lcc  |c BK 
952 |0 0  |1 0  |2 lcc  |4 0  |6 PJ5208 E36 Y37  |7 1  |9 39333  |a ARCE  |b ARCE  |d 2022-04-01  |l 0  |o PJ5208 .E36 Y37  |p 1034162  |r 2022-04-01 00:00:00  |w 2022-04-01  |y BK 
999 |c 46914  |d 46914